[Event "Ä11Â "]
[Site "Loo"]
[Date "2017.04.20"]
[Round "1.11"]
[White "Ñóäàðêèíà, Åêàòåðèíà."]
[Black "Êóçíåöîâà, Îëüãà."]
[Result "1-0"]
[WhiteElo "1292"]
[BlackElo "1405"]
[PlyCount "123"]
[EventDate "2017.04.20"]

1. e4 c5 2. Nc3 e6 3. f4 d6 4. Nf3 Nf6 5. d3 Be7 6. Be2 Nc6 7. O-O a6 8. a4 b6
9. Qe1 O-O 10. Qg3 Kh8 11. Ng5 h6 12. Nf3 e5 13. fxe5 Nxe5 14. Nxe5 dxe5 15.
Be3 Be6 16. Kh1 Rg8 17. Qf2 Nh7 18. a5 Bh4 19. Qg1 bxa5 20. Bxc5 Qd7 21. Qe3 g5
22. g3 Bh3 23. Rg1 Bg4 24. Bxg4 Qxg4 25. gxh4 Qh5 26. Qe2 Qxh4 27. Qg4 Nf6 28.
Qxh4 gxh4 29. Rxg8+ Rxg8 30. Rg1 Rb8 31. Ba3 h3 32. Rg3 Kh7 33. Kg1 Ne8 34. Nd5
Ng7 35. Nf6+ Kh8 36. Rxh3 Ne6 37. Rg3 h5 38. h4 a4 39. Bd6 Rc8 40. Bxe5 a5 41.
Nxh5+ Kh7 42. Nf6+ Kh8 43. h5 a3 44. bxa3 a4 45. h6 Nf4 46. Bxf4 Rb8 47. Kf2
Rc8 48. Rg8+ Rxg8 49. Nxg8 Kxg8 50. c4 f6 51. c5 Kf8 52. c6 f5 53. c7 Ke7 54.
h7 fxe4 55. h8=Q exd3 56. Bd6+ Kxd6 57. c8=R d2 58. Rd8+ Ke6 59. Rxd2 Kf7 60.
Qh6 Ke8 61. Qh7 Kf8 62. Rd8# 1-0

[Event "Ä11Â "]
[Site "Loo"]
[Date "2017.04.20"]
[Round "1.12"]
[White "Êîìèññàðîâà, Ñîéæèíà."]
[Black "Ìèõàéëèíà, Îëüãà."]
[Result "1/2-1/2"]
[WhiteElo "1404"]
[BlackElo "1274"]
[PlyCount "80"]
[EventDate "2017.04.20"]

1. d4 d5 2. c4 e6 3. Nc3 Nf6 4. Bg5 c6 5. e3 Nbd7 6. Bd3 Qa5 7. Bxf6 Nxf6 8.
Qc2 Bb4 9. Nge2 Bd7 10. O-O O-O 11. a3 Bxc3 12. Nxc3 Rac8 13. b4 Qc7 14. c5 h6
15. h3 e5 16. Be2 exd4 17. exd4 Qf4 18. Rad1 Qg5 19. Kh1 Rfe8 20. Bf3 Bf5 21.
Qd2 Qg6 22. b5 Ne4 23. Bxe4 Bxe4 24. Nxe4 Rxe4 25. bxc6 bxc6 26. Rfe1 Rce8 27.
Rxe4 Rxe4 28. Re1 Rxe1+ 29. Qxe1 Qe6 30. Qd2 Qe4 31. f3 Qb1+ 32. Kh2 Qb3 33.
Qa5 Qb8+ 34. Kh1 Qb1+ 35. Kh2 Qb8+ 36. Kh1 Qb1+ 37. Kh2 Qb8+ 38. Kh1 Qb1+ 39.
Kh2 Qb8+ 40. Kh1 Qb1+ 1/2-1/2

[Event "Ä11Â "]
[Site "Loo"]
[Date "2017.04.20"]
[Round "1.13"]
[White "Ïÿïèåâà, Àéëàíà."]
[Black "Ìàéêîâåö, ßíà."]
[Result "0-1"]
[WhiteElo "1250"]
[BlackElo "1401"]
[PlyCount "86"]
[EventDate "2017.04.20"]

1. Nf3 d5 2. g3 e6 3. Bg2 c5 4. O-O Nf6 5. d4 Be7 6. Bf4 O-O 7. Nc3 a6 8. a4
Nc6 9. Re1 Qb6 10. e3 Qxb2 11. Ne2 Qb6 12. Qd2 cxd4 13. exd4 Ne4 14. Qd1 Qa7
15. Ne5 Nxe5 16. Bxe5 Bb4 17. Rf1 Nd2 18. Re1 Nc4 19. c3 Ba5 20. Qc2 Nxe5 21.
dxe5 Bd7 22. Reb1 Rac8 23. Qb3 Rb8 24. Rd1 Bc7 25. c4 dxc4 26. Qxc4 Bxe5 27.
Rab1 b5 28. axb5 Bxb5 29. Qe4 Bf6 30. Rd2 Rfd8 31. Ra2 Bd3 32. Qf3 Rxb1+ 33.
Bf1 Bxe2 34. Qxe2 Rdd1 35. Rxa6 Rxf1+ 36. Qxf1 Rxf1+ 37. Kxf1 Qxa6+ 38. Kg2 Qe2
39. h4 Bd4 40. Kh3 Qxf2 41. Kg4 f5+ 42. Kg5 Qxg3+ 43. Kh5 Qg4# 0-1

[Event "Ä11Â "]
[Site "Loo"]
[Date "2017.04.20"]
[Round "1.14"]
[White "Ôèëàòîâà, Ñîôüÿ."]
[Black "Ñâåðãèíà, Ñîôüÿ."]
[Result "0-1"]
[WhiteElo "1401"]
[BlackElo "1228"]
[PlyCount "72"]
[EventDate "2017.04.20"]

1. e4 e5 2. Nf3 Nc6 3. d4 exd4 4. Nxd4 Bc5 5. Be3 Qf6 6. c3 Nge7 7. Nd2 Nxd4 8.
cxd4 Bxd4 9. Nf3 Bxe3 10. fxe3 Qxb2 11. Qc1 Qxc1+ 12. Rxc1 Nc6 13. Be2 O-O 14.
O-O d6 15. h3 Be6 16. a3 f5 17. exf5 Rxf5 18. Bd3 Ra5 19. h4 h6 20. Rb1 Rxa3
21. Be4 Rxe3 22. Rfe1 Rxe1+ 23. Rxe1 Bd7 24. Bd5+ Kh8 25. Rb1 Rb8 26. Ra1 a6
27. Rb1 a5 28. g4 a4 29. g5 hxg5 30. Nxg5 Be8 31. Rf1 Bg6 32. Kg2 a3 33. h5
Bxh5 34. Nf7+ Bxf7 35. Bxf7 g5 36. Ba2 Nb4 0-1

[Event "Ä11Â "]
[Site "Loo"]
[Date "2017.04.20"]
[Round "1.15"]
[White "Èëüèíà, Ìàðãàðèòà."]
[Black "Àëåøèíà, Àðèíà."]
[Result "0-1"]
[WhiteElo "1226"]
[BlackElo "1391"]
[PlyCount "174"]
[EventDate "2017.04.20"]

1. e4 c5 2. c3 d5 3. e5 e6 4. d4 cxd4 5. cxd4 Nc6 6. Nf3 Nge7 7. b3 Nf5 8. Bb2
Bb4+ 9. Bc3 Bxc3+ 10. Nxc3 O-O 11. Bd3 Qc7 12. Bxf5 exf5 13. Nxd5 Qa5+ 14. Qd2
Qxd5 15. O-O Be6 16. Rad1 Rac8 17. Rfe1 Rfd8 18. Re3 Rc7 19. Rd3 Rdc8 20. Ne1
Ne7 21. Rg3 Ng6 22. Qg5 Qd8 23. Qd2 f4 24. Rd3 Bf5 25. Rf3 Bg4 26. Rd3 Bxd1 27.
Qxd1 Qd5 28. Qg4 Qe4 29. Kf1 Rc1 30. Qe2 Qxe2+ 31. Kxe2 Re8 32. Kd2 Rcc8 33. f3
Ne7 34. g3 fxg3 35. hxg3 Red8 36. Ng2 Nf5 37. d5 Nxg3 38. Ne3 g6 39. d6 Nh5 40.
Rd4 Ng7 41. f4 Ne6 42. Re4 Rc5 43. b4 Rc6 44. f5 Ng5 45. Rc4 Nf3+ 46. Ke2 Nxe5
47. Rxc6 Nxc6 48. Nc4 Nxb4 49. fxg6 hxg6 50. a3 Na6 51. Ke3 b5 52. Ne5 Rxd6 53.
Nf3 Rc6 54. Nd4 Rc3+ 55. Kd2 Rxa3 56. Nxb5 Ra2+ 57. Kc3 Re2 58. Nxa7 g5 59. Nc6
g4 60. Nd4 Re1 61. Nf5 Rf1 62. Nh6+ Kg7 63. Nxg4 Rf3+ 64. Kd2 Rg3 65. Ne3 Kg6
66. Ke2 f5 67. Nd5 Kg5 68. Kf2 Rd3 69. Ne3 f4 70. Ng2 Rd2+ 71. Kf3 Rxg2 72.
Kxg2 Kg4 73. Kf2 Nc5 74. Ke2 f3+ 75. Kf2 Ne4+ 76. Kg1 Ng3 77. Kf2 Kf4 78. Kg1
Ke3 79. Kh2 f2 80. Kxg3 f1=Q 81. Kg4 Qc4+ 82. Kg3 Qf4+ 83. Kg2 Qf2+ 84. Kh3 Qg1
85. Kh4 Kf4 86. Kh5 Kf5 87. Kh4 Qg4# 0-1

[Event "Ä11Â "]
[Site "Loo"]
[Date "2017.04.20"]
[Round "1.16"]
[White "Ìóòèíà, Êñåíèÿ."]
[Black "Ïëåùåâà, Äàðüÿ."]
[Result "0-1"]
[WhiteElo "1376"]
[BlackElo "1165"]
[PlyCount "146"]
[EventDate "2017.04.20"]

1. d4 Nf6 2. c4 g6 3. Nc3 Bg7 4. e4 d6 5. Nf3 Bg4 6. Be2 O-O 7. O-O Nfd7 8. Be3
Nc6 9. d5 Bxf3 10. Bxf3 Nce5 11. Be2 c6 12. f4 Bh6 13. Qd2 Nxc4 14. Bxc4 Bg7
15. f5 Nb6 16. Bb3 a5 17. dxc6 bxc6 18. fxg6 hxg6 19. Bh6 a4 20. Bc2 Nc4 21.
Qc1 Bxh6 22. Qxh6 Qb6+ 23. Kh1 Qxb2 24. Bd3 Qxc3 25. Bxc4 Qxc4 26. Rf3 Qd4 27.
Raf1 Qh8 28. Qd2 Rab8 29. Qd3 Rb2 30. Qc4 Qg7 31. h4 c5 32. h5 gxh5 33. Rg1 Rb4
34. Qd3 Qe5 35. Rg3+ Kh8 36. Qe3 Qf6 37. Rg5 c4 38. Rxh5+ Kg7 39. Qg3+ Qg6 40.
Rg5 Rh8+ 41. Qh3 Rxh3+ 42. gxh3 Qxg5 43. Rxg5+ Kf6 44. Rg2 Rb1+ 45. Kh2 Rc1 46.
Kg3 c3 47. h4 Re1 48. Kf3 Rf1+ 49. Kg4 Kg6 50. h5+ Kh6 51. Kg3 Kxh5 52. Rc2 Ra1
53. Kf4 e6 54. e5 Rf1+ 55. Kg3 dxe5 56. Rh2+ Kg5 57. Rc2 Ra1 58. Kf3 f5 59. Ke3
f4+ 60. Ke4 Re1+ 61. Kd3 e4+ 62. Kc4 e3 63. Rg2+ Kf5 64. Kxc3 f3 65. Rg3 f2 66.
Rf3+ Ke4 67. Rxf2 exf2 68. Kd2 f1=Q 69. Kc3 Rc1+ 70. Kb2 Rb1+ 71. Ka3 Qc1+ 72.
Kxa4 Qc4+ 73. Ka3 Qb4# 0-1

[Event "Ä11Â "]
[Site "Loo"]
[Date "2017.04.20"]
[Round "1.17"]
[White "Øåâÿêîâà, Àëåíà."]
[Black "Ìàêîãîí, Åëåíà."]
[Result "0-1"]
[WhiteElo "1164"]
[BlackElo "1374"]
[PlyCount "122"]
[EventDate "2017.04.20"]

1. e4 c5 2. Nc3 d6 3. Bb5+ Bd7 4. Bxd7+ Nxd7 5. Nf3 Ngf6 6. O-O e6 7. d3 Be7 8.
Ne2 O-O 9. Ng3 Re8 10. c4 Qc7 11. b3 d5 12. Re1 dxe4 13. Nxe4 Nxe4 14. Rxe4 Nf6
15. Bf4 Qb6 16. Re1 Rad8 17. Qc2 Nh5 18. Be5 Bf6 19. Bxf6 Nxf6 20. Rad1 Rd6 21.
Re2 Red8 22. Red2 Qb4 23. h3 h6 24. d4 cxd4 25. Rxd4 Rxd4 26. Rxd4 Rxd4 27.
Nxd4 Qe1+ 28. Kh2 Qe5+ 29. Kg1 Qxd4 30. Qe2 Qe4 31. Qxe4 Nxe4 32. Kf1 Kf8 33.
Ke1 Ke7 34. a4 Kd6 35. f3 Nc5 36. b4 Nd3+ 37. Kd2 Nxb4 38. Kc3 Kc5 39. Kb3 Nd3
40. g3 Ne5 41. f4 Nxc4 42. Kc3 b5 43. axb5 Kxb5 44. Kb3 a5 45. Ka2 a4 46. g4
Kb4 47. h4 Ne3 48. g5 hxg5 49. hxg5 f6 50. gxf6 gxf6 51. Kb2 e5 52. fxe5 fxe5
53. Ka2 Nc4 54. Kb1 e4 55. Kc2 a3 56. Kb1 e3 57. Ka1 e2 58. Ka2 Kc3 59. Ka1
e1=Q+ 60. Ka2 Ne5 61. Kxa3 Qa1# 0-1

[Event "Ä11Â "]
[Site "Loo"]
[Date "2017.04.20"]
[Round "1.18"]
[White "Âèøíÿêîâà, Àëèñèÿ."]
[Black "Ñìàëåâà, Âåðîíèêà."]
[Result "1-0"]
[WhiteElo "1370"]
[BlackElo "1149"]
[PlyCount "105"]
[EventDate "2017.04.20"]

1. d4 d5 2. c4 e6 3. Nc3 Nf6 4. Nf3 Be7 5. cxd5 exd5 6. Bf4 c6 7. e3 Bf5 8. Bd3
Bxd3 9. Qxd3 Nbd7 10. O-O O-O 11. a3 a5 12. Ne5 Nb6 13. Ne2 Nfd7 14. b3 Re8 15.
a4 Qc8 16. Rac1 c5 17. Nxd7 Nxd7 18. dxc5 Nf6 19. Qc2 Nd7 20. c6 bxc6 21. Qxc6
Qxc6 22. Rxc6 Rec8 23. Rxc8+ Rxc8 24. Rc1 Rxc1+ 25. Nxc1 Ba3 26. Nd3 Nc5 27.
Nxc5 Bxc5 28. Kf1 Kf8 29. Ke2 Ke7 30. Kd3 Kd7 31. Be5 g6 32. Bc3 Bb6 33. f3 Kc6
34. e4 dxe4+ 35. Kxe4 Kc5 36. Bd4+ Kc6 37. Bc3 Kc5 38. g4 Bc7 39. h4 Bd8 40. f4
Bc7 41. f5 gxf5+ 42. Kxf5 Bd8 43. g5 Bc7 44. Kf6 Bd8+ 45. Kxf7 h6 46. gxh6 Bxh4
47. h7 Bd8 48. h8=Q Bf6 49. Qxf6 Kd5 50. Qe6+ Kc5 51. Qd7 Kb6 52. Bd4+ Ka6 53.
Qa7# 1-0

[Event "Ä11Â "]
[Site "Loo"]
[Date "2017.04.20"]
[Round "1.19"]
[White "Äîëèíñêàÿ, Ìàðèÿ."]
[Black "Èñòîìèíà, Âàëåðèÿ."]
[Result "1/2-1/2"]
[WhiteElo "1128"]
[BlackElo "1364"]
[PlyCount "107"]
[EventDate "2017.04.20"]

1. e4 e5 2. Nf3 Nc6 3. Bb5 Nf6 4. d3 Bc5 5. c3 d6 6. O-O Bg4 7. Re1 h6 8. h3
Bh5 9. Be3 Bxe3 10. Rxe3 O-O 11. Qd2 a6 12. Ba4 b5 13. Bc2 Re8 14. d4 exd4 15.
cxd4 Bxf3 16. gxf3 d5 17. e5 Nd7 18. Nc3 Nb6 19. Kf1 Nc4 20. Qd3 Nxe3+ 21. fxe3
g6 22. Ke2 Nb4 23. Qd2 Nxc2 24. Qxc2 Qg5 25. Nxd5 Qg2+ 26. Kd3 Qxc2+ 27. Kxc2
Red8 28. e4 Kf8 29. Kd3 c6 30. Nb4 c5 31. Nd5 cxd4 32. Kxd4 Rac8 33. Kd3 Rc6
34. b3 g5 35. Rf1 Re6 36. Kd4 Kg7 37. f4 gxf4 38. Rxf4 Rd7 39. Rf5 Rg6 40. Rf3
Rg2 41. a3 Ra2 42. b4 Rc2 43. Rg3+ Kh8 44. Rf3 Rd2+ 45. Ke3 Ra2 46. Kd4 Rc2 47.
Rg3 Rd8 48. Rf3 Rc7 49. Ke3 Rcd7 50. Kd4 Rg8 51. Ke3 Rgd8 52. Kd4 Kg7 53. Rg3+
Kh8 54. Rf3 1/2-1/2

[Event "Ä13Ï "]
[Site "Loo"]
[Date "2017.04.20"]
[Round "1.1"]
[White "Àéðàïåòÿí, Àíæåëèêà."]
[Black "Æóðîâà, Àííà."]
[Result "0-1"]
[WhiteElo "1362"]
[BlackElo "1843"]
[PlyCount "170"]
[EventDate "2017.04.20"]

1. e4 c5 2. Ne2 d6 3. g3 g6 4. Bg2 Bg7 5. O-O Nc6 6. c3 Qb6 7. d3 Bg4 8. h3
Bxe2 9. Qxe2 e6 10. Bf4 Rd8 11. Na3 Nge7 12. Nc4 Qc7 13. Rfd1 O-O 14. Qd2 b5
15. Na3 Qb6 16. Nc2 d5 17. Qe2 b4 18. e5 h6 19. d4 bxc3 20. bxc3 Qb2 21. Qd2
cxd4 22. cxd4 Qb6 23. Bxh6 Rc8 24. Be3 Nf5 25. g4 Nxe3 26. fxe3 Bh6 27. h4 Na5
28. g5 Nc4 29. Qe2 Bg7 30. Bf3 Qb2 31. Rdb1 Qc3 32. Rb3 Qd2 33. Rd1 Qxe2 34.
Bxe2 Nxe5 35. Ne1 Nc4 36. Kf2 Rc7 37. Nf3 Rfc8 38. Rdb1 Nd6 39. Nd2 Rc2 40.
R3b2 Nf5 41. Nf3 Nd6 42. Nd2 e5 43. Nf3 exd4 44. Nxd4 Bxd4 45. exd4 Ne4+ 46.
Ke3 Rxe2+ 47. Rxe2 Nc3 48. Rc2 Re8+ 49. Kd3 Nxb1 50. Rc5 Rb8 51. Ra5 Rb2 52.
Rxd5 Rxa2 53. Rb5 Na3 54. Ra5 Nc2 55. Rxa2 Nb4+ 56. Kc4 Nxa2 57. Kb5 Kf8 58.
Ka6 Ke7 59. Kxa7 Nc3 60. Kb6 Kd6 61. Kb7 Nb5 62. Kc8 Nxd4 63. Kd8 Nf3 64. Ke8
Ke6 65. Kf8 Nxh4 66. Kg7 Nf3 67. Kh6 Nxg5 68. Kxg5 Ke5 69. Kg4 Ke4 70. Kg3 Ke3
71. Kg4 f5+ 72. Kg3 f4+ 73. Kg4 f3 74. Kg5 f2 75. Kxg6 f1=Q 76. Kg5 Qf4+ 77.
Kg6 Ke4 78. Kg7 Qf5 79. Kh6 Qg4 80. Kh7 Qg5 81. Kh8 Ke5 82. Kh7 Kf6 83. Kh8
Qh6+ 84. Kg8 Qg6+ 85. Kh8 Qg7# 0-1

[Event "Ä13Ï "]
[Site "Loo"]
[Date "2017.04.20"]
[Round "1.2"]
[White "Õàéáóëëèíà, Ðàóøàíà."]
[Black "Ìóñòàôèíà, Þëèàíà."]
[Result "1-0"]
[WhiteElo "1750"]
[BlackElo "1361"]
[PlyCount "71"]
[EventDate "2017.04.20"]

1. d4 d5 2. c4 e6 3. Nf3 Nf6 4. g3 dxc4 5. Bg2 c6 6. Ne5 Bb4+ 7. Nc3 Nd5 8. Bd2
b5 9. a4 Bxc3 10. bxc3 Bb7 11. Rb1 a6 12. Nxc4 Qc7 13. Ne5 Nd7 14. c4 Nxe5 15.
dxe5 bxc4 16. Qc2 Rb8 17. Qxc4 Qxe5 18. O-O O-O 19. e4 Nf6 20. Bf4 Qa5 21. Bxb8
Rxb8 22. Qb4 Qc7 23. Rfd1 g6 24. Qd6 Qc8 25. Rb6 Ne8 26. Qd7 Ba8 27. Rxb8 Qxb8
28. Qd8 Qb3 29. Qxe8+ Kg7 30. Rd7 Qb1+ 31. Bf1 Qxe4 32. Qxf7+ Kh6 33. Qxh7+ Kg5
34. f4+ Kf5 35. Bh3+ Kf6 36. Qf7# 1-0

[Event "Ä13Ï "]
[Site "Loo"]
[Date "2017.04.20"]
[Round "1.3"]
[White "Âèåðó, ßíà."]
[Black "Øïàêèâñêàÿ, Àëèíà."]
[Result "0-1"]
[WhiteElo "1350"]
[BlackElo "1657"]
[PlyCount "82"]
[EventDate "2017.04.20"]

1. e4 c6 2. d4 d5 3. exd5 cxd5 4. c4 Nf6 5. Nc3 e6 6. Nf3 Nc6 7. cxd5 Nxd5 8.
Bd3 Be7 9. O-O O-O 10. Be4 Bf6 11. a3 h6 12. Qd3 Qd7 13. Rd1 Rd8 14. Ne2 a6 15.
Ng3 Nc7 16. Be3 Nb5 17. Bxc6 bxc6 18. Ne4 Be7 19. Ne5 Qe8 20. Rac1 Bb7 21. a4
f6 22. Nf3 Nc7 23. Ng3 Kh8 24. Re1 Nd5 25. Bd2 Qf7 26. Qe4 Nc7 27. Ba5 Bd6 28.
Bxc7 Qxc7 29. Qxe6 Bf4 30. Rc2 Re8 31. Qxe8+ Rxe8 32. Rxe8+ Kh7 33. Rce2 Bd6
34. Nf5 Bb4 35. R8e6 Bc8 36. R6e3 Bxf5 37. Nh4 Bg4 38. f3 Bf8 39. Rb3 Qd6 40.
Rd3 Be6 41. Ree3 g5 0-1

[Event "Ä13Ï "]
[Site "Loo"]
[Date "2017.04.20"]
[Round "1.4"]
[White "Ìèõàéëèíà, Åëåíà."]
[Black "Ãóðîâà, Òàòüÿíà."]
[Result "1-0"]
[WhiteElo "1641"]
[BlackElo "1348"]
[PlyCount "93"]
[EventDate "2017.04.20"]

1. e4 e6 2. d4 d5 3. exd5 exd5 4. Be3 Nf6 5. h3 Bd6 6. Nf3 O-O 7. Bd3 Be6 8.
O-O Nbd7 9. Nbd2 c6 10. Re1 Re8 11. Nf1 Qc7 12. Nh4 Bf4 13. Bxf4 Qxf4 14. Nf3
Bf5 15. Rxe8+ Rxe8 16. g3 Qh6 17. Bxf5 g6 18. Bxd7 Nxd7 19. Kg2 Qg7 20. Qd2 Nf6
21. Re1 Qf8 22. Rxe8 Qxe8 23. Qe3 Qd7 24. Ne5 Qe8 25. Ng4 Qxe3 26. Ngxe3 Kf8
27. Kf3 Ke7 28. Kf4 h5 29. Nd2 Ke6 30. Nf3 Ke7 31. Ng2 Ne4 32. Ke3 Ke6 33. Nge1
f6 34. Nd3 b6 35. Nf4+ Kf7 36. c4 g5 37. cxd5 gxf4+ 38. Kxe4 fxg3 39. fxg3
cxd5+ 40. Kxd5 Ke7 41. Kc6 Ke6 42. d5+ Ke7 43. d6+ Kd8 44. d7 f5 45. Ne5 f4 46.
Kd6 fxg3 47. Nc6# 1-0

[Event "Ä13Ï "]
[Site "Loo"]
[Date "2017.04.20"]
[Round "1.5"]
[White "Øïóíò, Åëåíà."]
[Black "Î÷èðîâà, Àíèòà."]
[Result "0-1"]
[WhiteElo "1346"]
[BlackElo "1635"]
[PlyCount "96"]
[EventDate "2017.04.20"]

1. e4 Nc6 2. d4 d5 3. e5 f6 4. Bb5 Bf5 5. Ne2 Qd7 6. Ng3 Bg6 7. Bf4 O-O-O 8.
Nc3 e6 9. Qd2 a6 10. Ba4 Nge7 11. exf6 gxf6 12. O-O-O Nf5 13. Nxf5 Bxf5 14. f3
Bd6 15. g4 Bg6 16. Kb1 Rdf8 17. Bh6 Rfg8 18. h4 Bf7 19. h5 Be8 20. Rde1 Qf7 21.
Qe3 e5 22. dxe5 fxe5 23. Bg5 d4 24. Bb3 dxe3 25. Bxf7 Rxg5 26. Bxe8 Rxe8 27.
Rxe3 Bc5 28. Rd3 Rgg8 29. Ne4 Be7 30. a3 Ref8 31. Ng3 Nd4 32. Rf1 Bh4 33. Nh1
Rxg4 34. c3 Nc6 35. Nf2 Rgf4 36. Nh3 R4f5 37. Ng1 Rxh5 38. Ne2 e4 39. Re3 exf3
40. Ng1 f2 41. Ne2 Re5 42. Rxe5 Nxe5 43. Nd4 Ng4 44. Ne6 Re8 45. Rxf2 Nxf2 46.
Ng7 Re1+ 47. Ka2 Nd3 48. b4 Bf6 0-1

[Event "Ä13Ï "]
[Site "Loo"]
[Date "2017.04.20"]
[Round "1.6"]
[White "Áàðàíîâà, Åëèçàâåòà."]
[Black "Ìàòòåó, Ñîôèÿ."]
[Result "1/2-1/2"]
[WhiteElo "1632"]
[BlackElo "1346"]
[PlyCount "90"]
[EventDate "2017.04.20"]

1. e4 c5 2. Nf3 Nc6 3. c3 d5 4. exd5 Qxd5 5. d4 cxd4 6. cxd4 e5 7. Nc3 Bb4 8.
dxe5 Qxd1+ 9. Kxd1 Bg4 10. Be2 O-O-O+ 11. Kc2 Bxf3 12. Bxf3 Nxe5 13. Be2 Ne7
14. Bf4 N7c6 15. Bxe5 Nxe5 16. Rhe1 f6 17. a3 Bc5 18. f4 Nc6 19. Bg4+ Kb8 20.
Ne2 Nd4+ 21. Nxd4 Rxd4 22. g3 Rhd8 23. Rad1 Rxd1 24. Bxd1 Rc8 25. Kb1 Rd8 26.
Kc1 Rc8 27. Kb1 Rd8 28. Kc1 Rc8 29. Bc2 Bf2 30. Re2 Bd4 31. h3 Rc7 32. Kb1 g6
33. f5 g5 34. g4 a6 35. Rh2 Be5 36. Rd2 Bf4 37. Rd3 Be5 38. Bb3 Bf4 39. Rd1 Ka7
40. Ka2 Rc8 41. Rd7 Rc7 42. Rd1 Rc1 43. Rd7 Rc7 44. Rd3 Rc6 45. Bd1 Rd6 1/2-1/2

[Event "Ä13Ï "]
[Site "Loo"]
[Date "2017.04.20"]
[Round "1.7"]
[White "Ìíåÿí, Ðèïñèìå."]
[Black "Ìàãèçîâà, ßíà."]
[Result "1-0"]
[WhiteElo "1345"]
[BlackElo "1610"]
[PlyCount "29"]
[EventDate "2017.04.20"]

1. e4 e5 2. Nf3 Nc6 3. d4 exd4 4. Bc4 Nf6 5. e5 Ne4 6. O-O Be7 7. Nxd4 O-O 8.
Nf5 d6 9. Nxe7+ Qxe7 10. Re1 Qh4 11. Qf3 Ng5 12. Bxg5 Qxg5 13. exd6 cxd6 14.
Qxf7+ Rxf7 15. Re8# 1-0

[Event "Ä13Ï "]
[Site "Loo"]
[Date "2017.04.20"]
[Round "1.8"]
[White "Òàðèåëàøâèëè, Äèàíà."]
[Black "Íàçàðîâà, Àíàñòàñèÿ."]
[Result "1-0"]
[WhiteElo "1608"]
[BlackElo "1344"]
[PlyCount "137"]
[EventDate "2017.04.20"]

1. e4 c5 2. Nf3 e6 3. d4 cxd4 4. Nxd4 Nf6 5. Nc3 Nc6 6. Ndb5 Bb4 7. a3 Bxc3+ 8.
Nxc3 d5 9. exd5 exd5 10. Bf4 O-O 11. Be2 Re8 12. O-O Be6 13. Bf3 d4 14. Nb5 Re7
15. Bxc6 bxc6 16. Nxd4 Bd5 17. Nf5 Rd7 18. Qe2 Be6 19. Ne3 Qb6 20. b4 Qd4 21.
Bg3 Ne4 22. Qa6 Nxg3 23. hxg3 Rc7 24. Rad1 Qc3 25. Rd3 Qf6 26. Rfd1 h6 27. Rd6
Qc3 28. Qd3 Qxd3 29. R1xd3 Rac8 30. c4 a6 31. c5 Kf8 32. f4 g6 33. g4 Ba2 34.
f5 Kg7 35. Kf2 g5 36. Kf3 Re8 37. Rd7 Rec8 38. Ke2 Bb1 39. Rd2 Be4 40. R7d4 Re8
41. Kf2 Rce7 42. Nc4 Bd5 43. Nb6 Be4 44. Nd7 f6 45. Rd6 Rf7 46. Nb6 Rfe7 47.
Nc4 Bd5 48. Nb6 Be4 49. Na4 Rc8 50. Nc3 Kf7 51. Re2 Rce8 52. Rd4 Bd5 53. Rxe7+
Rxe7 54. Nxd5 Rd7 55. Ke3 cxd5 56. Kd3 Ke7 57. a4 Kd8 58. b5 axb5 59. axb5 Kc7
60. Kc3 Kc8 61. c6 Rd6 62. Kb4 Rd8 63. Kc5 Kc7 64. Rxd5 Re8 65. b6+ Kc8 66. b7+
Kc7 67. Rd7+ Kb8 68. Kb6 Re5 69. c7# 1-0

[Event "Ä13Ï "]
[Site "Loo"]
[Date "2017.04.20"]
[Round "1.9"]
[White "Áàëàíäèíà, Àëèñà."]
[Black "Ñèò÷èõèíà, Ìèëàíà."]
[Result "0-1"]
[WhiteElo "1333"]
[BlackElo "1592"]
[PlyCount "108"]
[EventDate "2017.04.20"]

1. e4 c5 2. Nf3 Nc6 3. c3 g6 4. d4 cxd4 5. cxd4 Bg7 6. Nc3 d6 7. Bb5 Bd7 8. O-O
e6 9. Bf4 Nxd4 10. Bxd7+ Qxd7 11. Nxd4 e5 12. Ndb5 exf4 13. Nxd6+ Kf8 14. Rb1
Ne7 15. Qd2 Be5 16. Rfd1 Rd8 17. Nc4 Qxd2 18. Rxd2 Rxd2 19. Nxd2 Kg7 20. Nf3
Nc6 21. Nxe5 Nxe5 22. Nd5 f3 23. g3 Nd3 24. b4 Rc8 25. Ne3 Re8 26. Rb3 Nc1 27.
Ra3 Rxe4 28. Rxa7 Rxb4 29. h4 Rb2 30. Ra3 Rxa2 31. Rxa2 Nxa2 32. Kf1 Nc3 33.
Ke1 Ne4 34. Nf1 b5 35. Nh2 b4 36. Nxf3 b3 37. Nd2 b2 38. Nb1 Kf6 39. Ke2 Ke5
40. Ke3 Kd5 41. Kd3 Nxf2+ 42. Kc2 Ne4 43. g4 Ke5 44. Kxb2 Kf4 45. g5 Kg4 46.
Na3 Kxh4 47. Nc4 Kxg5 48. Ne3 f5 49. Kc2 Kf4 50. Ng2+ Kg3 51. Ne3 f4 52. Nd1 f3
53. Kd3 Nf2+ 54. Nxf2 Kxf2 0-1

[Event "Ä13Ï "]
[Site "Loo"]
[Date "2017.04.20"]
[Round "1.10"]
[White "Âîëêîâà, Àëèíà."]
[Black "Âåòîõèíà, Ñîôüÿ."]
[Result "1-0"]
[WhiteElo "1583"]
[BlackElo "1333"]
[PlyCount "147"]
[EventDate "2017.04.20"]

1. d4 d5 2. Nf3 Nf6 3. c4 e6 4. Bg5 Be7 5. e3 h6 6. Bh4 Nbd7 7. Nc3 c6 8. Qc2
dxc4 9. Bxc4 Nb6 10. Bd3 Nfd5 11. Bxe7 Qxe7 12. a3 Nxc3 13. bxc3 Nd7 14. O-O
O-O 15. Rfe1 c5 16. e4 cxd4 17. cxd4 b6 18. e5 Bb7 19. Be4 Bxe4 20. Qxe4 Rfc8
21. Rec1 Nf8 22. Qe3 Rc7 23. Rxc7 Qxc7 24. Rc1 Qd7 25. Qc3 Ng6 26. Qc6 Qxc6 27.
Rxc6 Ne7 28. Rc2 Kf8 29. Kf1 Ke8 30. Ke2 Kd7 31. Kd3 Nd5 32. g3 Rb8 33. Nd2 b5
34. Rb2 Rc8 35. Ne4 f5 36. Nc5+ Ke7 37. Rxb5 Rc7 38. Rb7 Rxb7 39. Nxb7 g5 40.
Nc5 h5 41. f3 f4 42. gxf4 Nxf4+ 43. Ke4 Nd5 44. a4 Nc3+ 45. Ke3 Nd5+ 46. Ke4
Nc3+ 47. Ke3 Nd5+ 48. Kd3 Nf4+ 49. Ke4 Nd5 50. a5 Nc3+ 51. Kd3 Nd5 52. a6 Nb4+
53. Ke4 Nd5 54. Kd3 Nb4+ 55. Ke2 Nd5 56. Kd2 Nb4 57. Ke2 Nc2 58. Kd3 Nb4+ 59.
Ke4 Nd5 60. Nd3 Kd7 61. f4 g4 62. Nc5+ Ke7 63. f5 Nc3+ 64. Kf4 Ne2+ 65. Ke3 Ng1
66. fxe6 Nf3 67. h3 Ng5 68. hxg4 hxg4 69. d5 g3 70. d6+ Ke8 71. Ke2 Kd8 72. Kf1
Nf3 73. Nb7+ Ke8 74. d7+ 1-0

[Event "Ä13Ï "]
[Site "Loo"]
[Date "2017.04.20"]
[Round "1.11"]
[White "Ñóìàðîêîâà, Âåðà."]
[Black "Ãóáàðåâà, Ñîôèÿ."]
[Result "1/2-1/2"]
[WhiteElo "1300"]
[BlackElo "1574"]
[PlyCount "133"]
[EventDate "2017.04.20"]

1. e4 e6 2. d4 d5 3. e5 c5 4. Nf3 Nc6 5. dxc5 Bxc5 6. Bd3 Nge7 7. O-O Ng6 8.
Re1 Qb6 9. Qe2 Bd7 10. b3 Nd4 11. Nxd4 Bxd4 12. c3 Bc5 13. Be3 Rc8 14. b4 Bxe3
15. Qxe3 Qxe3 16. Rxe3 Ne7 17. Bf1 Nf5 18. Rf3 d4 19. a3 Bc6 20. Rf4 h5 21. h4
dxc3 22. Nxc3 b6 23. Rc4 Ke7 24. Re1 Bb7 25. Ne4 Kd7 26. Rd1+ Bd5 27. b5 Ke7
28. Ra4 Rc7 29. Rd3 Rhc8 30. g3 Ba2 31. Nd6 Rd8 32. Nxf5+ exf5 33. Rxd8 Kxd8
34. Rd4+ Ke7 35. Be2 Rc5 36. f4 Bb3 37. a4 Rc2 38. Bxh5 Ra2 39. Bf3 Rxa4 40.
Rd2 Be6 41. Bc6 a5 42. bxa6 Rxa6 43. Rb2 Ra1+ 44. Kf2 Ra2 45. Rxa2 Bxa2 46. Ke3
f6 47. exf6+ Kxf6 48. Kd4 Kg6 49. Ke5 Bb1 50. Be8+ Kh6 51. Ke6 Bc2 52. Kf7 Bd3
53. Ke6 b5 54. Kd5 b4 55. Kd4 Bf1 56. Bf7 Be2 57. Kc5 Bg4 58. Kxb4 g6 59. Kc5
Bh5 60. Kd6 Bg4 61. Ke5 Bf3 62. Kf6 Bh5 63. Ke5 Bg4 64. Kd4 Bd1 65. Ke3 Bg4 66.
Bc4 Bh5 67. Be2 1/2-1/2

[Event "Ä13Ï "]
[Site "Loo"]
[Date "2017.04.20"]
[Round "1.12"]
[White "Ëåáåäåâà, Óëüÿíà."]
[Black "Ïîêàñîâà, Èðèíà."]
[Result "1-0"]
[WhiteElo "1560"]
[BlackElo "1298"]
[PlyCount "103"]
[EventDate "2017.04.20"]

1. d4 d5 2. c4 c6 3. Nc3 Nf6 4. Nf3 Nbd7 5. Bf4 Nb6 6. c5 Nbd7 7. h3 g6 8. e3
Bg7 9. Bd3 O-O 10. O-O b6 11. b4 a5 12. b5 cxb5 13. c6 Nh5 14. cxd7 Bxd7 15.
Bh2 Rc8 16. Nxb5 Re8 17. Rc1 Rxc1 18. Qxc1 Qc8 19. Nc7 Rd8 20. Nxd5 Qxc1 21.
Rxc1 Be6 22. Nxb6 Bxa2 23. Ra1 Be6 24. Rxa5 Nf6 25. Ra7 Kf8 26. Bc7 Re8 27. Bb5
h6 28. Bxe8 Nxe8 29. Bd8 Bf6 30. d5 Bf5 31. g4 Be4 32. Nd2 Bd3 33. Nd7+ Kg7 34.
Nxf6 Nxf6 35. Rxe7 Bb5 36. Rb7 Ba4 37. Bxf6+ Kxf6 38. e4 Bc2 39. f4 Ba4 40. e5+
Kg7 41. e6 Be8 42. d6 Kf6 43. d7 Bxd7 44. exd7 Ke7 45. Ne4 Kd8 46. Nc5 Ke7 47.
Rb8 Kd6 48. d8=Q+ Kxc5 49. Rc8+ Kb4 50. Qd7 Kb3 51. Qb7+ Ka3 52. Ra8# 1-0

[Event "Ä13Ï "]
[Site "Loo"]
[Date "2017.04.20"]
[Round "1.13"]
[White "Êîðæîâà, Ëèäèÿ."]
[Black "Íîâîæèëîâà, Ïîëèíà."]
[Result "0-1"]
[WhiteElo "1295"]
[BlackElo "1559"]
[PlyCount "56"]
[EventDate "2017.04.20"]

1. e4 e5 2. Nc3 Nf6 3. Nf3 Nc6 4. d4 Nxd4 5. Nxd4 exd4 6. Qxd4 d6 7. Bg5 Be7 8.
f3 O-O 9. O-O-O Be6 10. Bc4 Bxc4 11. Qxc4 h6 12. Bh4 Rc8 13. e5 Nd5 14. Bxe7
Nxe7 15. exd6 cxd6 16. Qd4 Rc6 17. g4 Qa5 18. a3 Rfc8 19. Rd2 Rxc3 20. bxc3
Qxa3+ 21. Kb1 Rc6 22. c4 Rb6+ 23. Qxb6 axb6 24. Re1 Nc6 25. Re8+ Kh7 26. f4 Nb4
27. c3 Qb3+ 28. Rb2 Qd1# 0-1